000 00303pam a2200133 a 4500
020 _c
041 _h
082 _a741.235
_bSIM
100 _aJackie Simmonds.
245 _aPastel Workbook
_hTextual Documents
260 _a[s.l]:
_bPaperback edition,
_c2007.
300 _a127:
_bHard.
930 _a6265
999 _c240055
_d240055